000 00629nam a2200205Ia 4500
005 20250923144651.0
008 008 250917s9999 xx 000 0 eng d
037 _aTextual
040 _aDSWL
_beng
_cDSWL
041 _aeng
_2eng
084 _aYX;6-L1, N42;2
_qDSWL
100 _aBartlett, Harriett M.
_9827175
245 0 _asome aspects of social casework in a medical setting
_cby Harriett Bartlett
260 _aIndia
_bNational Asspciation of Social Work
_c1958
300 _axvi,288p.
365 _aUSD
_b1.8
925 _g1.8
942 _cTEXL
_hYX;6-L1, N42;2
999 _c1441819
_d1441819